• 首页
  • 本馆介绍
  • 公告通知
  • 最新文献
  • 馆藏检索
  • 电子资源
  • 读者导购
  • 参考咨询
  • 我的图书馆
  • 登录
  • 详细信息显示
  • 放入我的书架
  • 预约/预借图书
  • 作者相关作品
  • 分类相关作品
  • 丛书相关作品
  • 出版社相关作品

书目信息

  • 表格格式
  • 工作单格式
  • 卡片格式
题名:
从古典走向现代
    
 
作者: 高天民 著
分册:  
出版信息: 长春   吉林美术出版社  1999.01
页数: 181页
开本: 19cm
丛书名:
单 册:
中图分类: J110.956.5
科图分类:
主题词: 艺术--世界 , 美术--世界
电子资源:
ISBN: 7-5386-0743-9
000 00677nam0 2200229 450
001 0430908876
005 20040409083508.27
010    @a7-5386-0743-9@dCNY16.50
100    @a20040409d1999 km y0chiy0120 ea
101 0  @achi
102    @aCN@b220000
200 1  @a从古典走向现代@e法兰西美术@Acong gu dian zou xiang xian dai@f高天民著@Fgao tian min zhu
210    @a长春@c吉林美术出版社@d1999.01
215    @a181页@c图@d19cm
300    @a世界艺术教育文库
517 1  @a法兰西美术@Afa lan xi mei shu
606 0  @a艺术@x世界
606 0  @a美术@x世界
690    @aJ110.956.5@v4
701  0 @a高天民@Agao tian min@4著
801  0 @aCN@bPFT@c20040409
905    @aBZT@dJ110.956.5@e1@f8
    
    从古典走向现代:法兰西美术/高天民著.-长春:吉林美术出版社,1999.01
    181页:图;19cm
    世界艺术教育文库
    
    ISBN 7-5386-0743-9:CNY16.50
    
●
相关链接 在五车中查询图书 在当当中查询图书 在豆瓣中查询图书


正题名:从古典走向现代     索取号:J110.956.5/1         预约/预借

序号 登录号 条形码 馆藏地/架位号 状态 备注
1 0362437   230079408   中心书库中库/ 中库016架A面3列5层14/ [索取号:J110.956.5/1] 在馆    
2 0362441   200287144   中心书库中库/ 中库016架A面3列5层15/ [索取号:J110.956.5/1] 在馆    
3 0362442   230079413   中心书库中库/ 中库016架A面3列5层16/ [索取号:J110.956.5/1] 在馆    
4 2001741057   2001741057   样本书库/样005架B面5层2列/ [索取号:J110.956.5/1] 在馆    
山东省滨州职业学院图书馆 欢迎您!
大连网信软件有限公司© 版权所有